000
00213 a2200097 4500
001
46847
100
_a
Auerbach W
245
_a
Last of the panzers
260
_a
London
_b
Arms & Armour
_c
090
_c
29934
_d
29934
942
_a
NUST-CAE
_c
M
_c
22151
999
_c
281920
_d
281920